Les stars de la musique congolaise par image - Statistiques

Statistiques générales
  • Ce quiz a été pris 96 fois
  • Le résultat moyen est 7 sur 12
Statistiques - réponses
Par images Réponse % Correct
Fally Ipupa
99%
Koffi Olomide
91%
Papa Wemba
85%
Innoss'B
78%
Gaz Mawete
71%
Werrason
68%
Ferre Gola
66%
Héritier Watanabe
45%
Tabu Ley Rochereau
43%
Robinio Mundibu
38%
Fabrégas le Métis Noir
33%
Franco Luambo
29%
Aucun quiz correspondant
Distribution des résultats
% des personnes avec chaque résultat
Percentile par nombre de réponses
Votre historique - résultats
Vous n’avez pas pris ce quiz